| 000 | 01359cac a22003975a 4500 | ||
|---|---|---|---|
| 999 |
_c4720 _d4720 |
||
| 003 | EG-ScBUE | ||
| 005 | 20191223120309.0 | ||
| 008 | 101021r20052004enka f 000 0 eng d | ||
| 020 | _a1859647766 (Level 1) | ||
| 020 | _a9781859647769 (Level 1) | ||
| 020 | _a1859647863 (Level 2) | ||
| 020 | _a9781859647868 (Level 2) | ||
| 020 | _a1859647960 (Level 3) | ||
| 020 | _a9781859647967 (Level 3) | ||
| 040 |
_aEG-ScBUE _beng _erda _cEG-ScBUE _dEG-ScBUE |
||
| 082 | 0 | 4 |
_a428.34 _bPHI _222 |
| 100 | 1 |
_aPhillips, Terry, _d1949- _eauthor. _920560 |
|
| 245 | 1 | 0 |
_aSkills in English, _pReading, _pTeacher's book / _cTerry Phillips, Anna Phillips. |
| 246 | 3 | 0 | _aReading |
| 246 | 3 | 0 | _aTeacher's book |
| 250 | _aSecond edition. | ||
| 250 | _aReprint edition. | ||
| 264 | 1 |
_aReading, UK : _bGarnet Education, _c2005. |
|
| 300 |
_a3 volumes : _bcolor illustrations ; _c26 cm |
||
| 336 |
_2rdacontent _atext _btxt |
||
| 337 |
_2rdamedia _aunmediated _bn |
||
| 338 |
_2rdacarrier _avolume _bnc |
||
| 505 | 0 | _aLevel 1 -- Level 2 -- Level 3. | |
| 590 | _aMohamed. | ||
| 650 | 7 |
_aEnglish language _vTextbooks for foreign speakers. _2BUEsh _920561 |
|
| 650 | 7 |
_aEnglish language _xSpoken English. _2BUEsh _920562 |
|
| 653 |
_bHHUUEENN _cJuly2019 |
||
| 655 | _vReading book | ||
| 700 | 1 |
_aPhillips, Anna, _d1954- _eauthor. _920564 |
|
| 942 |
_cBB _k428.34 PHI _2ddc |
||